traduction de mots français en anglais - Statistiques

Statistiques générales
  • Ce quiz a été pris 326 fois
  • Le résultat moyen est 10 sur 15
Statistiques - réponses
Hint Réponse % Correct
oiseau bird
97%
manger eat
97%
chaise chair
95%
pays country
95%
sauter jump
93%
fumer smoke
93%
vin wine
87%
grenouille frog
81%
meteo weather
69%
bibliothèque library
67%
jeter throw
63%
secouer shake
61%
vis screw
22%
sauterelle grasshopper
14%
tabouret stool
9%
Aucun quiz correspondant
Distribution des résultats
% des personnes avec chaque résultat
Percentile par nombre de réponses
Votre historique - résultats
Vous n’avez pas pris ce quiz